Remembering Lives in Mughal India (Record no. 885055)

MARC details
000 -LEADER
fixed length control field 00806nam a2200253Ia 4500
003 - CONTROL NUMBER IDENTIFIER
control field OSt
005 - DATE AND TIME OF LATEST TRANSACTION
control field 20220930093231.0
008 - FIXED-LENGTH DATA ELEMENTS--GENERAL INFORMATION
fixed length control field 220926b |||||||| |||| 00| 0 eng d
037 ## - SOURCE OF ACQUISITION
Terms of availability Theses
040 ## - CATALOGING SOURCE
Original cataloging agency CRL
Transcribing agency CRL
Language of cataloging eng
041 ## - LANGUAGE CODE
Source of code eng
Language code of text/sound track or separate title eng
100 ## - MAIN ENTRY--PERSONAL NAME
Personal name TANDON Shivangini Au.
9 (RLIN) 551288
110 ## - MAIN ENTRY--CORPORATE NAME
Corporate name or jurisdiction name as entry element University of Delhi. Arts. History
9 (RLIN) 551289
245 #0 - TITLE STATEMENT
Title Remembering Lives in Mughal India
Remainder of title Political Culture and Social Life in Indo-Persian Tazkiras, 16th-18th Centuries.
260 ## - PUBLICATION, DISTRIBUTION, ETC.
Date of publication, distribution, etc. 2016
300 ## - PHYSICAL DESCRIPTION
Extent 161p.
-- p.
Dimensions cm.
700 ## - ADDED ENTRY--PERSONAL NAME
Personal name Prof. Farhat Hasan Gu.
9 (RLIN) 551290
700 ## - ADDED ENTRY--PERSONAL NAME
Personal name University of Delhi. Arts. History
9 (RLIN) 551291
942 ## - ADDED ENTRY ELEMENTS (KOHA)
Koha item type Dissertations
Source of classification or shelving scheme Colon Classification (CC)
Holdings
Withdrawn status Lost status Damaged status Not for loan Home library Current library Date acquired Total Checkouts Barcode Date last seen Price effective from Koha item type
        Central Library Central Library 2022-09-30   TH0022957 2022-09-30 2022-09-30 Thesis
Copyright @ Delhi University Library System